| 000 | 00649nam a2200205 a 4500 | ||
|---|---|---|---|
| 001 | 000011247 | ||
| 003 | OSt | ||
| 005 | 20210906150015.0 | ||
| 008 | 091015s2001 dr a 001 0 spa d | ||
| 040 |
_aDO-SdBNP _bspa _cBNPHU |
||
| 082 | _bC352s | ||
| 100 | 1 |
_aCastillo Juan, Pedro, _d1950- _910799 |
|
| 245 | 1 | 0 |
_aSemiología urológica / _cPedro Castillo Juan. |
| 260 |
_aSanto Domingo : _bRuben Alejandro, _c2001. |
||
| 300 |
_a179 p. : _bil. ; _c21 cm. |
||
| 500 | _aIncluye datos biográficos del autor en la contracubierta | ||
| 504 | _aIncluye referencias bibliográficas [p.178-179] | ||
| 590 | _aInventariado, 2020 /LP | ||
| 942 |
_2ddc _cLBS1 |
||
| 999 |
_c10966 _d10966 |
||